[Event "WYCC U18 Girls 2013"]
[Site "Al-Ain UAE"]
[Date "2013.12.24"]
[Round "8.35"]
[White "Van Niekerk, Robyn Julian"]
[Black "Tarmastin, Laura"]
[Result "0-1"]
[WhiteElo "1459"]
[BlackElo "1791"]
[WhiteFideId "14305020"]
[BlackFideId "1623001"]
[EventDate "2013.12.18"]

1. d4 Nf6 2. c4 g6 3. Nc3 Bg7 4. g3 d6 5. Bg2 O-O 6. Nf3 Nbd7 7. O-O e5 8. e4 a6
9. h3 b5 10. dxe5 dxe5 11. Nd2 Bb7 12. Re1 b4 13. Nd5 a5 14. Rb1 c6 15. Nxf6+
Qxf6 16. Nf3 Nc5 17. Qc2 h6 18. Be3 Qe7 19. b3 Rfd8 20. Rbd1 Kh7 21. Kh2 Ne6 22.
c5 Ba6 23. Bf1 Bxf1 24. Rxf1 Nc7 25. Nd2 Nb5 26. Nc4 Qc7 27. Nb6 Rab8 28. Nc4
Bf8 29. f4 Rxd1 30. Rxd1 Nc3 31. Rd2 f6 32. fxe5 fxe5 33. Rf2 Re8 34. a3 Kg8 35.
axb4 axb4 36. Rf6 Kg7 37. Qf2 Nxe4 38. Bxh6+ Kxh6 39. Qf5 Nxf6 40. Qxf6 Bxc5 41.
h4 Qe7 42. Qxc6 Qf8 43. Kh3 e4 44. Qd5 Qf1+ 45. Kg4 Qf3+ 46. Kh3 Qf5+ 47. Qxf5
gxf5 48. Kg2 Kh5 49. Nd2 Rd8 50. Nc4 Rd3 0-1

[Event "WYCC U18 Girls 2013"]
[Site "Al-Ain UAE"]
[Date "2013.12.24"]
[Round "8.36"]
[White "Comas Colon, Rinelly M."]
[Black "Jayamurthey, Pavitranayagi"]
[Result "1-0"]
[WhiteTitle "WFM"]
[WhiteElo "1790"]
[BlackElo "1694"]
[WhiteFideId "3101576"]
[BlackFideId "5708885"]
[EventDate "2013.12.18"]

1. c4 e5 2. g3 Nf6 3. Bg2 Bc5 4. e3 d6 5. Nc3 Nc6 6. d3 Bf5 7. a3 Qd7 8. Nf3 h6
9. O-O Bh3 10. Re1 Bxg2 11. Kxg2 O-O 12. b4 Bb6 13. Bb2 Rfe8 14. Na4 Nh7 15.
Nxb6 axb6 16. Qb3 Re6 17. e4 Rf6 18. b5 Qg4 19. Qd1 Ne7 20. h3 Qe6 21. d4 Ng6
22. dxe5 dxe5 23. Qd5 Re8 24. Qxe6 Rfxe6 25. Rad1 Nf6 26. Bc3 Kh7 27. Rd3 Nf8
28. Nh2 N8d7 29. Rde3 Nc5 30. Ng4 Nfd7 31. Rd1 h5 32. Nh2 Nf6 33. f3 Nfd7 34. h4
Kg6 35. g4 Kh6 36. Kh3 g6 37. Re2 Nb3 38. Rxd7 R6e7 39. Rd5 Re6 40. Nf1 c6 41.
Rd7 hxg4+ 42. fxg4 Kg7 43. Rf2 Rf8 44. Ng3 Nc5 45. Rc7 Kg8 46. bxc6 bxc6 47. g5
Nd3 48. Rf6 Rxf6 49. gxf6 c5 50. h5 Ra8 51. hxg6 fxg6 52. Rd7 Nf4+ 53. Kg4 Rxa3
54. Bxe5 1-0

[Event "WYCC U18 Girls 2013"]
[Site "Al-Ain UAE"]
[Date "2013.12.24"]
[Round "8.37"]
[White "El, Kader Maria"]
[Black "Bauer, Valentina"]
[Result "1/2-1/2"]
[WhiteElo "1619"]
[BlackElo "1787"]
[WhiteFideId "14137380"]
[BlackFideId "1616935"]
[EventDate "2013.12.18"]

1. e4 e6 2. d3 d5 3. Nd2 Nf6 4. Ngf3 Be7 5. g3 b6 6. Qe2 dxe4 7. dxe4 Bb7 8. Bg2
O-O 9. O-O Nc6 10. c3 Nd7 11. Rd1 Qc8 12. Nf1 Rd8 13. Bg5 Bxg5 14. Nxg5 Nde5 15.
f4 h6 16. Nf3 Nxf3+ 17. Qxf3 Rxd1 18. Rxd1 Qe8 19. Ne3 Rd8 20. Re1 Ne7 21. Qg4
Qa4 22. f5 exf5 23. exf5 Qxg4 24. Nxg4 Nc6 25. Kf2 Kf8 26. f6 Rd2+ 27. Re2 Rxe2+
28. Kxe2 Ba6+ 29. Ke3 Na5 30. b3 h5 31. fxg7+ Kxg7 32. Ne5 f6 33. Nd3 Bb7 34.
Bxb7 Nxb7 35. Nf4 h4 36. Ne6+ Kf7 37. Nxc7 hxg3 38. hxg3 Nd6 39. Kf4 Kg6 40. g4
Kf7 41. c4 Kg6 42. Nb5 Nc8 43. a3 a5 44. Nc3 Nd6 45. Ne4 Nc8 46. Ke3 f5 47.
gxf5+ Kxf5 48. Kd4 Ke6 49. Nc3 Kd6 50. Nb5+ Kc6 51. Nc3 Kd6 52. Na4 Kc6 53. Kc3
Nd6 54. Nb2 Kc5 55. Nd3+ Kc6 56. Ne5+ Kc7 57. Kd3 Nb7 58. Kc2 Kd6 59. Nd3 Kc6
60. Kc3 Kd6 61. Kd4 Nd8 62. c5+ bxc5+ 63. Nxc5 Kc6 64. Kc4 Nf7 65. Kd4 Nd6 66.
a4 Nf5+ 67. Kc4 Nd6+ 1/2-1/2

[Event "WYCC U18 Girls 2013"]
[Site "Al-Ain UAE"]
[Date "2013.12.24"]
[Round "8.38"]
[White "Dewanthi, A H Chamika"]
[Black "Lalaoui, Feriel"]
[Result "0-1"]
[BlackTitle "WCM"]
[WhiteElo "1584"]
[BlackElo "1754"]
[WhiteFideId "9906304"]
[BlackFideId "7900481"]
[EventDate "2013.12.18"]

1. e4 e5 2. Nf3 Nc6 3. Bc4 Bc5 4. d3 Nf6 5. Be3 Bxe3 6. fxe3 d6 7. h3 Be6 8. Bb5
a6 9. Ba4 b5 10. Bb3 d5 11. Ng5 Nxe4 12. Nxe6 Qh4+ 13. g3 Qxg3+ 14. Ke2 Qf2# 0-1

[Event "WYCC U18 Girls 2013"]
[Site "Al-Ain UAE"]
[Date "2013.12.24"]
[Round "8.39"]
[White "Tuzi, Bruna"]
[Black "Abeer, Ali"]
[Result "1-0"]
[WhiteTitle "WCM"]
[WhiteElo "1754"]
[BlackElo "1655"]
[WhiteFideId "4701100"]
[BlackFideId "9302930"]
[EventDate "2013.12.18"]

1. e4 c6 2. d4 g6 3. Nf3 Bg7 4. Be2 d5 5. e5 Nh6 6. Bf4 f6 7. h4 Bg4 8. Nh2 Bxe2
9. Qxe2 Nf5 10. c3 Nxh4 11. Kf1 g5 12. exf6 Bxf6 13. Qh5+ Ng6 14. Bxg5 Bxg5 15.
Qxg5 e5 16. Qxd8+ Kxd8 17. Nf3 exd4 18. Nxd4 Nd7 19. Nd2 Kc7 20. Re1 Raf8 21.
Ne6+ Kd6 22. Nxf8 Ndxf8 23. Nf3 h6 24. Nd4 Ne7 25. Rh5 a6 26. Nf5+ Nxf5 27. Rxf5
Nd7 28. f4 Rh7 29. Kf2 Nc5 30. g4 Nd3+ 31. Ke2 Nxe1 32. Kxe1 Re7+ 33. Kf2 Rh7
34. Kg3 Ke6 35. Kh4 Ke7 36. Kh5 Rg7 37. g5 hxg5 38. fxg5 Rf7 39. Kg6 Rxf5 40.
Kxf5 Kf7 41. b4 b6 42. Ke5 Kg6 43. Kd6 Kxg5 44. Kxc6 Kf4 45. Kxd5 Ke3 46. Kc6
Kd3 47. Kxb6 Kxc3 48. a3 Kb3 49. Kxa6 1-0

[Event "WYCC U18 Girls 2013"]
[Site "Al-Ain UAE"]
[Date "2013.12.24"]
[Round "8.41"]
[White "Amra, Tasnim"]
[Black "Voges, Rachelle Mari"]
[Result "1/2-1/2"]
[WhiteTitle "WFM"]
[BlackTitle "WCM"]
[WhiteElo "1570"]
[BlackElo "1634"]
[WhiteFideId "14300222"]
[BlackFideId "14308908"]
[EventDate "2013.12.18"]

1. e4 e6 2. d4 d5 3. e5 c5 4. c3 Nc6 5. Nf3 Bd7 6. Be2 Qb6 7. O-O cxd4 8. cxd4
Nge7 9. b3 Nf5 10. Bb2 Be7 11. Qd2 O-O 12. Na3 a6 13. Nc2 f6 14. Rad1 Rac8 15.
Ne3 Nxe3 16. Qxe3 Nb4 17. a4 Nc6 18. h3 1/2-1/2

[Event "WYCC U18 Girls 2013"]
[Site "Al-Ain UAE"]
[Date "2013.12.26"]
[Round "9.1"]
[White "Ziaziulkina, Nastassia"]
[Black "Tomnikova, Lidia"]
[Result "1/2-1/2"]
[WhiteTitle "WGM"]
[BlackTitle "WFM"]
[WhiteElo "2354"]
[BlackElo "2167"]
[WhiteFideId "13505211"]
[BlackFideId "4113110"]
[EventDate "2013.12.18"]

1. e4 e5 2. Nf3 Nc6 3. Bb5 a6 4. Ba4 Nf6 5. O-O Be7 6. Re1 b5 7. Bb3 d6 8. c3
O-O 9. d4 Bg4 10. Be3 Na5 11. dxe5 Bxf3 12. Qxf3 dxe5 13. Nd2 Nxb3 14. axb3 Qd3
15. b4 Rfd8 16. Qf5 Qc2 17. Qxe5 Ng4 18. Qxe7 Nxe3 19. Nf3 Nd1 20. Rf1 Nxb2 21.
Rxa6 Qxc3 22. Ne5 Qb3 23. Rxa8 Rxa8 24. Qxc7 Qe6 25. Rc1 f6 26. Qc6 Qxc6 27.
Nxc6 Nd3 28. Rb1 Ra2 29. f3 Nf4 30. Nd4 Rxg2+ 31. Kh1 Rf2 32. Nxb5 Rxf3 33. Na7
Ra3 34. Nc6 Ra6 35. b5 Rb6 36. Na5 Nd3 37. Nc4 Rb8 38. Kg2 Ne5 39. Ne3 Nd7 40.
Kf3 Kf7 41. Nd5 Nb6 42. Nxb6 Rxb6 43. Ke3 Ke6 44. Kd4 Kd6 45. Kc4 Kc7 46. Kc5
Re6 47. b6+ 1/2-1/2

[Event "WYCC U18 Girls 2013"]
[Site "Al-Ain UAE"]
[Date "2013.12.26"]
[Round "9.2"]
[White "Saduakassova, Dinara"]
[Black "Severina, Maria"]
[Result "1-0"]
[WhiteTitle "WGM"]
[BlackTitle "WIM"]
[WhiteElo "2357"]
[BlackElo "2203"]
[WhiteFideId "13700090"]
[BlackFideId "4116909"]
[EventDate "2013.12.18"]

1. d4 Nf6 2. c4 e6 3. Nf3 b6 4. g3 Bb7 5. Bg2 Be7 6. O-O O-O 7. Nc3 Ne4 8. Bd2
Bf6 9. Ne5 Nxc3 10. Bxc3 Bxg2 11. Kxg2 d5 12. Ng4 Be7 13. Qd3 Nd7 14. cxd5 exd5
15. Rac1 Nf6 16. Nxf6+ Bxf6 17. Bb4 Re8 18. Rc6 Rc8 19. Rfc1 Re6 20. e3 Rxc6 21.
Rxc6 a5 22. Be1 g6 23. f3 Kg7 24. Bf2 Qd7 25. Qb5 Rd8 26. a4 Qe7 27. g4 Rd6 28.
Rc3 Rd7 29. Qc6 Qe6 30. Bg3 Qxc6 31. Rxc6 Bd8 32. Kf2 Kf8 33. Ke2 Ke8 34. Kd3 f5
35. gxf5 gxf5 36. Be5 Rf7 37. Rc2 Kd7 38. b3 c6 39. Rg2 Bc7 40. Bxc7 Kxc7 41.
Rg8 Kd6 42. Rd8+ Kc7 43. Rh8 Kd6 44. h4 f4 45. e4 dxe4+ 46. Kxe4 c5 47. Rd8+ Kc7
48. Re8 Kd6 49. dxc5+ bxc5 50. Rb8 Rc7 51. Rb6+ Ke7 52. Rh6 Ke8 53. Kxf4 Rb7 54.
Re6+ Kf7 55. Re3 Rb4+ 56. Kg5 c4 57. bxc4 Rxc4 58. Re4 Rc3 59. Re5 Rxf3 60. Rxa5
Rh3 61. Ra7+ Kg8 62. a5 Rg3+ 63. Kh5 Rc3 64. Ra6 Kg7 65. Ra7+ Kg8 66. a6 Rc5+
67. Kh6 Rc6+ 68. Kg5 Rc5+ 69. Kf6 Rc6+ 70. Ke5 Rh6 71. Kd5 Kf8 72. Kc5 Rh5+ 73.
Kc6 Rxh4 74. Rc7 Rc4+ 75. Kb7 Rb4+ 76. Kc8 Ra4 77. a7 h5 78. Kb8 1-0

[Event "WYCC U18 Girls 2013"]
[Site "Al-Ain UAE"]
[Date "2013.12.26"]
[Round "9.3"]
[White "Rodriguez Rueda, Paula Andrea"]
[Black "Gaboyan, Susanna"]
[Result "1-0"]
[WhiteTitle "WIM"]
[WhiteElo "2257"]
[BlackElo "2050"]
[WhiteFideId "4404564"]
[BlackFideId "13303627"]
[EventDate "2013.12.18"]

1. d4 Nf6 2. c4 g6 3. Nc3 d5 4. Nf3 Bg7 5. Qb3 dxc4 6. Qxc4 O-O 7. e4 a6 8. Qb3
b5 9. a4 bxa4 10. Rxa4 a5 11. Be2 Nfd7 12. Be3 Nc6 13. d5 Rb8 14. Qd1 Nce5 15.
Nd4 Nb6 16. Rxa5 Nbc4 17. Bxc4 Nxc4 18. Nc6 Qe8 19. Nxb8 Nxa5 20. O-O Nc4 21.
Nc6 Bd7 22. Bd4 Nxb2 23. Qc2 Nc4 24. Bxg7 Kxg7 25. Qd3 Nd6 26. Nd4 e5 27. Nf3 f5
28. exf5 Bxf5 29. Qe3 e4 30. Nd4 Qe5 31. Rd1 Bg4 32. f3 Nc4 33. Qxe4 Qxe4 34.
Nxe4 Bf5 35. Rc1 Ne3 36. Rxc7+ Kh6 37. Nc3 Rd8 38. Rc5 Bd3 39. Kf2 Nf5 40. Nxf5+
Bxf5 41. g4 Bc2 42. Ne4 Bxe4 43. fxe4 Kg5 44. Kg3 Kf6 45. Rc6+ Ke5 46. Re6+ Kd4
47. d6 g5 48. h4 h6 49. e5 Ra8 50. d7 Ra3+ 51. Kf2 Ra2+ 52. Kf1 Ra1+ 53. Ke2
Ra2+ 54. Kd1 Kd5 1-0

[Event "WYCC U18 Girls 2013"]
[Site "Al-Ain UAE"]
[Date "2013.12.26"]
[Round "9.6"]
[White "Aranaz Murillo, Amalia"]
[Black "Bezkorovaina, Mariia"]
[Result "0-1"]
[WhiteTitle "WIM"]
[WhiteElo "2262"]
[BlackElo "2081"]
[WhiteFideId "22200371"]
[BlackFideId "14116324"]
[EventDate "2013.12.18"]

1. Nf3 Nf6 2. c4 b6 3. g3 Bb7 4. Bg2 e6 5. O-O Be7 6. Nc3 O-O 7. Re1 d5 8. cxd5
Nxd5 9. Nxd5 Bxd5 10. e4 Bb7 11. d4 c5 12. d5 exd5 13. exd5 Nd7 14. Bf4 Re8 15.
Qc2 Nf8 16. Rad1 Ng6 17. Bc1 Bf6 18. Rxe8+ Qxe8 19. h4 Rd8 20. Ng5 Bd4 21. h5
Nf8 22. h6 Bxd5 23. hxg7 Ng6 24. Bxd5 Rxd5 25. Be3 Qd8 26. Qd2 Kxg7 27. Ne4 Ne5
28. Kg2 Nc4 29. Bh6+ Kh8 30. Qf4 Be5 31. Rxd5 Qxd5 32. Qg4 Nd6 33. f3 f5 34. Qg5
Nxe4 35. fxe4 Qxe4+ 36. Kh2 Qe2+ 37. Kh1 Qf3+ 38. Kh2 Qe2+ 39. Kh1 Qd1+ 40. Kh2
Qd6 41. Kg2 Bxb2 42. Qe3 Qe5 43. Qg5 Qd5+ 44. Kh2 Qxa2 45. Qd8+ Qg8 46. Qc7 Qa8
47. Bf4 Kg8 48. Qd7 Qe4 49. Qxa7 Bd4 50. Qxb6 Kf7 51. Qb3+ Qe6 52. Qd3 Kg6 53.
Bd2 Kh5 54. Qf3+ Kg6 55. Qd3 Bf6 56. g4 Be5+ 57. Kh3 c4 58. Qc2 Kf6 59. Kh4 fxg4
60. Qxh7 Qf5 61. Qh8+ Kf7 62. Qh6 Bf6+ 0-1

[Event "WYCC U18 Girls 2013"]
[Site "Al-Ain UAE"]
[Date "2013.12.26"]
[Round "9.7"]
[White "Castrillon Gomez, Melissa"]
[Black "Xiao, Yiyi"]
[Result "0-1"]
[WhiteTitle "WIM"]
[BlackTitle "WFM"]
[WhiteElo "2155"]
[BlackElo "2163"]
[WhiteFideId "4402413"]
[BlackFideId "8606161"]
[EventDate "2013.12.18"]

1. e4 c5 2. Nf3 e6 3. c3 Nf6 4. e5 Nd5 5. d4 cxd4 6. cxd4 d6 7. Bc4 Nc6 8. O-O
Be7 9. Qe2 O-O 10. Nc3 Nxc3 11. bxc3 dxe5 12. dxe5 b6 13. Bd3 Bb7 14. Rd1 Qc7
15. h4 Rfd8 16. Re1 Na5 17. Bg5 h6 18. Bd2 Rac8 19. Nd4 Nc4 20. Bf4 Bc5 21. Nb5
Qc6 22. Be4 Qxe4 23. Qxe4 Bxe4 24. Rxe4 a6 25. Nd4 Bxd4 26. cxd4 b5 27. Rd1 Nb2
28. Rd2 Na4 29. Re3 Rc4 30. Red3 Nc3 31. Be3 b4 32. Rc2 Rdc8 33. Kf1 a5 34. Bd2
Nd5 35. Rxc4 Rxc4 36. Ke1 a4 37. Kd1 Kf8 38. f4 h5 39. g3 Ke8 40. Be1 Kd7 41.
Bd2 Kc6 42. Be1 Ne7 43. Rd2 Kd5 44. Ke2 Nc6 45. Ke3 Rc3+ 46. Rd3 Rc2 47. Rd2
Rxd2 48. Bxd2 Kc4 49. Ke4 g6 50. Be1 b3 0-1

[Event "WYCC U18 Girls 2013"]
[Site "Al-Ain UAE"]
[Date "2013.12.26"]
[Round "9.8"]
[White "Tran, My Linh"]
[Black "Baraeva, Irina"]
[Result "0-1"]
[BlackTitle "WIM"]
[WhiteElo "2061"]
[BlackElo "2211"]
[WhiteFideId "24682462"]
[BlackFideId "24142565"]
[EventDate "2013.12.18"]

1. e4 e6 2. d4 d5 3. Nd2 c5 4. exd5 Qxd5 5. Ngf3 cxd4 6. Bc4 Qd6 7. O-O Nf6 8.
Nb3 Nc6 9. Nbxd4 Nxd4 10. Nxd4 a6 11. Re1 Qc7 12. Qe2 Bc5 13. c3 O-O 14. Bg5 Be7
15. Bd3 Re8 16. Rad1 Bd7 17. Bb1 Rad8 18. Nf3 Bb5 19. Qc2 g6 20. Rxd8 Rxd8 21.
Rd1 Bc6 22. Rxd8+ Qxd8 23. Qd2 Qb6 24. Ne5 Bd5 25. b3 Qc7 26. Qe3 Bc5 27. Qe2
Ne4 28. Ng4 Nxg5 29. c4 Bc6 30. Qb2 Qf4 31. Nh6+ Kf8 32. Qh8+ Ke7 33. Ng8+ Kd6
34. Qb2 Be4 35. g3 Qxf2+ 0-1

[Event "WYCC U18 Girls 2013"]
[Site "Al-Ain UAE"]
[Date "2013.12.26"]
[Round "9.9"]
[White "Klek, Hanna-Marie"]
[Black "Nevioselaya, Maria"]
[Result "1-0"]
[WhiteElo "2297"]
[BlackElo "2088"]
[WhiteFideId "24670057"]
[BlackFideId "13502280"]
[EventDate "2013.12.18"]

1. e4 e5 2. Nf3 Nc6 3. Bc4 Bc5 4. O-O Nf6 5. d4 Bxd4 6. Nxd4 Nxd4 7. f4 d6 8.
fxe5 dxe5 9. Bg5 Be6 10. Na3 Qd6 11. Bxf6 gxf6 12. c3 Nc6 13. Qxd6 cxd6 14. Rxf6
Ke7 15. Raf1 Raf8 16. Bd5 Bxd5 17. exd5 Nb8 18. Nc4 Nd7 19. Rh6 f6 20. Ne3 Nc5
21. Rf3 Rf7 22. Nf5+ Kd7 23. b4 Ne4 24. Rh4 Ng5 25. Re3 Rc8 26. c4 b6 27. Rc3
Rc7 28. Kf2 Rf8 29. Ke3 Rfc8 30. a4 a6 31. b5 axb5 32. axb5 Ra7 33. Rh6 Rg8 34.
Rxf6 Ra1 35. Rxd6+ Kc7 36. Rc6+ 1-0

[Event "WYCC U18 Girls 2013"]
[Site "Al-Ain UAE"]
[Date "2013.12.26"]
[Round "9.10"]
[White "Unapkoshvili, Nani"]
[Black "Osmanodja, Filiz"]
[Result "0-1"]
[BlackTitle "WIM"]
[WhiteElo "2081"]
[BlackElo "2274"]
[WhiteFideId "13605518"]
[BlackFideId "24633569"]
[EventDate "2013.12.18"]

1. d4 Nf6 2. c4 e6 3. Nf3 d5 4. g3 Bb4+ 5. Bd2 Be7 6. Bg2 O-O 7. O-O c6 8. Qc2
Nbd7 9. b3 Ne4 10. Nc3 Nxd2 11. Qxd2 f5 12. Ne5 Nxe5 13. dxe5 dxc4 14. Qe3 Qa5
15. bxc4 Bc5 16. Qd3 Rd8 17. Qc2 Bb4 18. Rad1 Rxd1 19. Nxd1 Qxe5 20. Nb2 Qc3 21.
Qb1 Be7 22. Rc1 Qb4 23. Qc2 e5 24. e4 f4 25. Nd3 Qd6 26. c5 Qc7 27. Qc4+ Kh8 28.
gxf4 exf4 29. Qf7 Bg4 30. Qxf4 Qxf4 31. Nxf4 Bg5 32. Rb1 Bxf4 33. Rxb7 h6 34. e5
Bxe5 35. Bxc6 Rc8 36. Be4 Rxc5 37. Rxa7 Rc8 38. a4 Bh3 39. Ra8 Rxa8 40. Bxa8 Bc3
41. Bc6 Kg8 42. f3 Bd4+ 43. Kh1 Bb6 44. Bd5+ Kf8 45. Be4 Ke7 46. Bb7 Kf6 47. Bd5
Ke5 48. Bc6 Kf4 49. Bd5 g5 50. Bc6 Ke3 51. a5 Bxa5 52. Kg1 Bb6 0-1

[Event "WYCC U18 Girls 2013"]
[Site "Al-Ain UAE"]
[Date "2013.12.26"]
[Round "9.11"]
[White "Botez, Alexandra"]
[Black "Juhasz, Barbara"]
[Result "1-0"]
[WhiteTitle "WFM"]
[BlackTitle "WFM"]
[WhiteElo "2086"]
[BlackElo "2152"]
[WhiteFideId "2603365"]
[BlackFideId "743585"]
[EventDate "2013.12.18"]

1. d4 Nf6 2. c4 g6 3. Nc3 Bg7 4. e4 d6 5. f3 O-O 6. Be3 c5 7. d5 e6 8. Qd2 exd5
9. cxd5 a6 10. a4 Nbd7 11. Nh3 Ne5 12. Nf2 Ne8 13. Be2 f5 14. f4 Nf7 15. a5 Nf6
16. O-O Nxe4 17. Ncxe4 fxe4 18. Nxe4 Re8 19. Bf3 Bf5 20. Ra4 Nh6 21. Ng5 Bd7 22.
Re4 Rxe4 23. Bxe4 Nf5 24. Bf2 Qf6 25. b4 Bb5 26. Rd1 cxb4 27. Qxb4 Qb2 28. Qxb2
Bxb2 29. g4 Nh6 30. h3 Nf7 31. Ne6 Rc8 32. Rb1 Rc1+ 33. Rxc1 Bxc1 34. Bb6 g5 35.
f5 Ne5 36. Nd8 Nc4 37. Bc7 Be3+ 38. Kh1 b6 39. f6 bxa5 40. f7+ Kg7 41. Bxh7 Ne5
42. Bg8 Ng6 43. Ne6+ Kf6 44. Bd8+ Ke5 45. Bh7 1-0

[Event "WYCC U18 Girls 2013"]
[Site "Al-Ain UAE"]
[Date "2013.12.26"]
[Round "9.12"]
[White "Anjana Krishna, S"]
[Black "Michelle Catherina, P"]
[Result "0-1"]
[WhiteElo "1877"]
[BlackElo "2137"]
[WhiteFideId "5046424"]
[BlackFideId "5005736"]
[EventDate "2013.12.18"]

1. e4 e5 2. Nf3 Nc6 3. Bb5 a6 4. Ba4 Nf6 5. d3 Bc5 6. O-O b5 7. Bb3 h6 8. c3 d6
9. h3 O-O 10. Re1 Bb6 11. Nbd2 Ne7 12. Nf1 Ng6 13. Ng3 Re8 14. a4 Rb8 15. d4 c5
16. Bc2 Qc7 17. d5 c4 18. Bd2 Qd8 19. Qc1 Nh7 20. Qd1 Ng5 21. Qe2 Nf4 22. Bxf4
exf4 23. Nh5 Bf5 24. Nxf4 Nxe4 25. Ne6 Ng3 26. Nxd8 Nxe2+ 27. Rxe2 Rxe2 28. Nc6
Rxc2 29. Nxb8 Bxf2+ 30. Kh1 Rxb2 31. axb5 axb5 32. Nc6 Be4 33. Nb4 Bg3 34. Kg1
Bxf3 35. gxf3 Be5 36. Rc1 Bxc3 37. Rxc3 Rxb4 38. Kf2 Rb3 39. Rc2 Rd3 40. Ke2
Rxd5 41. Ke3 Rd3+ 42. Ke4 d5+ 43. Ke5 b4 44. f4 b3 45. Rb2 Rd1 0-1

[Event "WYCC U18 Girls 2013"]
[Site "Al-Ain UAE"]
[Date "2013.12.26"]
[Round "9.14"]
[White "Dragieva, Denitza"]
[Black "Duessler, Stefanie"]
[Result "1-0"]
[WhiteTitle "WFM"]
[WhiteElo "2095"]
[BlackElo "2046"]
[WhiteFideId "2907232"]
[BlackFideId "4634780"]
[EventDate "2013.12.18"]

1. d4 f5 2. g3 Nf6 3. Bg2 g6 4. c3 Bg7 5. Nd2 Nc6 6. Nh3 O-O 7. Nf4 Qe8 8. Nf3
h6 9. h4 d6 10. d5 Ne5 11. Nd4 Rf7 12. Nfe6 Bxe6 13. Nxe6 Qd7 14. Nxg7 Kxg7 15.
Bf4 Kh7 16. Qd4 c5 17. dxc6 Nxc6 18. Qd2 Ng4 19. f3 Nge5 20. Bxh6 Nc4 21. Qg5
Qe6 22. h5 Rg8 23. b3 N4e5 24. Qd2 Rh8 25. hxg6+ Nxg6 26. O-O-O Kg8 27. f4 Qc8
28. e4 Rfh7 29. Bg5 fxe4 30. Rxh7 Kxh7 31. Bxe4 Kg7 32. Kb2 Qg4 33. Qc2 Nf8 34.
Rd2 Kf7 35. Bh4 Nd7 36. Bf5 1-0

[Event "WYCC U18 Girls 2013"]
[Site "Al-Ain UAE"]
[Date "2013.12.26"]
[Round "9.15"]
[White "Baraeva, Marina"]
[Black "Chiarion, Elisa"]
[Result "1-0"]
[WhiteTitle "WIM"]
[WhiteElo "2136"]
[BlackElo "1957"]
[WhiteFideId "24142573"]
[BlackFideId "828653"]
[EventDate "2013.12.18"]

1. d4 d5 2. Nf3 Nf6 3. c4 e6 4. Nc3 dxc4 5. e3 a6 6. Bxc4 b5 7. Bd3 Bb7 8. O-O
c5 9. a4 b4 10. Ne2 Nbd7 11. Ng3 Bd6 12. Qe2 Qc7 13. Rd1 Rc8 14. Bxa6 c4 15.
Bxb7 Qxb7 16. Ne1 h5 17. Qf3 Qb8 18. e4 h4 19. Nf1 e5 20. Be3 Qa8 21. d5 Qa6 22.
Rdc1 Rg8 23. h3 Bc5 24. Nd2 Bd4 25. Bxd4 exd4 26. e5 c3 27. bxc3 bxc3 28. exf6
gxf6 29. Qe4+ 1-0

[Event "WYCC U18 Girls 2013"]
[Site "Al-Ain UAE"]
[Date "2013.12.26"]
[Round "9.17"]
[White "Roy, Ali"]
[Black "Utiatskaja, Irina"]
[Result "1-0"]
[WhiteElo "1891"]
[BlackElo "2069"]
[WhiteFideId "2400456"]
[BlackFideId "24140848"]
[EventDate "2013.12.18"]

1. e4 c5 2. Nf3 Nc6 3. c3 Nf6 4. e5 Nd5 5. d4 cxd4 6. cxd4 d6 7. Bc4 dxe5 8.
dxe5 Ndb4 9. a3 Qxd1+ 10. Kxd1 Na6 11. Bf4 Bg4 12. Nd2 Rd8 13. b4 Nd4 14. Kc1
Bxf3 15. gxf3 Rc8 16. Kd1 Nc7 17. Rc1 b5 18. Ba2 a6 19. e6 Kd8 20. exf7 Nce6 21.
Rxc8+ Kxc8 22. Be5 Kd7 23. Re1 h5 24. Re4 1-0

[Event "WYCC U18 Girls 2013"]
[Site "Al-Ain UAE"]
[Date "2013.12.26"]
[Round "9.18"]
[White "Marikova, Jana"]
[Black "Nikolovska, Dragana"]
[Result "1-0"]
[WhiteElo "2062"]
[BlackElo "1876"]
[WhiteFideId "334138"]
[BlackFideId "15000133"]
[EventDate "2013.12.18"]

1. d4 d5 2. c4 c6 3. Nc3 e5 4. e3 e4 5. Nge2 Nf6 6. cxd5 cxd5 7. Nf4 g5 8. Nh5
Nxh5 9. Qxh5 Bf5 10. h4 Be7 11. hxg5 Nc6 12. f4 Qd7 13. Qd1 O-O-O 14. Bb5 f6 15.
gxf6 Bxf6 16. Bxc6 bxc6 17. Qe2 Rhg8 18. Na4 Kb8 19. Bd2 Bg4 20. Qa6 Bf5 21. Nc5
Qg7 22. Qxc6 Bc8 23. O-O-O Qe7 24. Bb4 Qf7 25. Ba5 Rde8 26. Rh6 Bd8 27. Bxd8
Rxd8 28. Rdh1 Rxg2 29. Rxh7 Rg7 30. Qh6 Rdg8 31. Rxg7 Rxg7 32. Qd6+ Ka8 33. Rh8
Rg1+ 34. Kd2 Rg2+ 35. Kc3 Rg8 36. Rxg8 Qxg8 37. Qc7 Qe8 38. f5 1-0

[Event "WYCC U18 Girls 2013"]
[Site "Al-Ain UAE"]
[Date "2013.12.26"]
[Round "9.20"]
[White "Durmaz, Ayca Fatma"]
[Black "Regam, Jessica"]
[Result "1-0"]
[WhiteTitle "WCM"]
[BlackTitle "WFM"]
[WhiteElo "1799"]
[BlackElo "2019"]
[WhiteFideId "6317855"]
[BlackFideId "2033496"]
[EventDate "2013.12.18"]

1. c4 e5 2. g3 Nc6 3. Bg2 Bc5 4. Nc3 d6 5. Nf3 a6 6. O-O Nge7 7. a3 O-O 8. b4
Ba7 9. d3 h6 10. e3 Be6 11. Rb1 Qd7 12. b5 axb5 13. Rxb5 Bb6 14. Na4 e4 15. Nxb6
cxb6 16. Nd4 Nxd4 17. exd4 exd3 18. Qxd3 Qc7 19. d5 Bd7 20. Rb4 Ra4 21. Qb3 Rxb4
22. Qxb4 Rc8 23. Bf4 Nf5 24. Rb1 g5 25. Bd2 Qxc4 26. Qxb6 Qd3 27. Qxb7 Nd4 28.
Be3 Bf5 29. Rf1 Ne2+ 30. Kh1 Re8 31. Qc6 Rd8 32. Bb6 Rd7 33. a4 Nc3 34. a5 Be4
35. f3 Bf5 36. g4 Re7 37. gxf5 Nxd5 38. Bf2 Nf4 39. a6 Nxg2 40. Kxg2 g4 41. a7 1-0

[Event "WYCC U18 Girls 2013"]
[Site "Al-Ain UAE"]
[Date "2013.12.26"]
[Round "9.21"]
[White "Xiao, Alice Huanyi"]
[Black "Guo, Emma"]
[Result "1/2-1/2"]
[BlackTitle "WIM"]
[WhiteElo "1874"]
[BlackElo "2011"]
[WhiteFideId "2612550"]
[BlackFideId "3200795"]
[EventDate "2013.12.18"]

1. e4 e5 2. Nf3 Nc6 3. Bb5 a6 4. Ba4 Nf6 5. O-O Be7 6. Re1 b5 7. Bb3 O-O 8. d4
d6 9. c3 Bg4 10. Be3 Nxe4 11. Bd5 Qd7 12. Bxe4 d5 13. Bxh7+ Kxh7 14. dxe5 Qf5
15. Qxd5 Bxf3 16. Qxf3 Qxf3 17. gxf3 Nxe5 18. Nd2 Nd3 19. Re2 f5 20. Nb3 c5 21.
Rd1 c4 22. Nc1 Ne5 23. Kg2 Ng6 24. Rd7 Nh4+ 25. Kg3 Bf6 26. Red2 Ng6 27. f4 Rfe8
28. Bd4 Bxd4 29. R2xd4 Re1 30. Rd1 Rae8 31. Kf3 R1e6 32. a3 Rh8 33. Rd8 Nh4+ 34.
Kg3 Ng6 35. Rxh8+ Kxh8 36. Kf3 Kg8 37. Rd8+ Kf7 38. Rd2 Re4 39. Rd4 Re6 40. Rd2
Re4 41. Rd4 1/2-1/2